| 000 | 01114nam a22002537a 4500 | ||
|---|---|---|---|
| 003 | OSt | ||
| 005 | 20250916175735.0 | ||
| 008 | 240322b ||||| |||| 00| 0 eng d | ||
| 040 | _c0 | ||
| 082 | _aDPer 621.381 In821 September 2022 v. 37 n. 9 | ||
| 100 |
_aYang, Fan. _eauthor. _955235 |
||
| 245 |
_aComplex coefficient active disturbance rejection controller for current harmonics suppression of IPMSM drives / _cFan Yang, Feng Jiang, Zhijie Xu, Lingfeng Qiu, Baichuan Xu, Yahui Zhang, and Kai Yang. |
||
| 260 |
_aNew York ; _bThe Institute of Electrical and Electronics Engineers, Inc. , _cSeptember 2022. |
||
| 300 |
_aVolume 37, pages 10443-10454 : _billustration ; _c28 cm. |
||
| 500 | _aIEEE Transitions on Power Electronics, v. 37 n. 9, pages 10443-10454, September 2022. | ||
| 700 |
_aYang, Fan. _eauthor. _955235 |
||
| 700 |
_aJiang, Feng. _eauthor. _955236 |
||
| 700 |
_aXu, Zhijie. _eauthor. _955237 |
||
| 700 |
_aQiu, Lingfeng. _eauthor. _955238 |
||
| 700 |
_aXu, Baichuan. _eauthor. _955239 |
||
| 700 |
_aZhang, Yahui. _eauthor. _955240 |
||
| 700 |
_aYang, Kai. _eauthor. _955241 |
||
| 942 |
_2ddc _cPER |
||
| 999 |
_c19812 _d19812 |
||